Armes à feu (4) - Statistiques

Statistiques générales
  • Ce quiz a été pris 128 fois
  • Le résultat moyen est 4 sur 14
Statistiques - réponses
Par images Réponse % Correct
Karabiner 98k
58%
M14
58%
SKS
54%
Mosin Nagant 91/30
49%
Lebel Mle 1886
42%
Lee Enfield
40%
SVT 40
35%
MAS 36
28%
K31
19%
MAS 49/56
16%
Springfield M1903
12%
AG42-B
5%
Berthier Mle 1916
2%
RSC Mle 1917
2%
Aucun quiz correspondant
Distribution des résultats
% des personnes avec chaque résultat
Percentile par nombre de réponses
Votre historique - résultats
Vous n’avez pas pris ce quiz